The Age of Reformation

With the aid of over sixty important sources, most of them translated and abridged by the author, this brief history brings an age of upheaval into sharp focus. It succinctly shows how a compelling ideology, the Christian faith, shaped the history of the Reformation. The religious revolution of the...

詳細記述

保存先:
書誌詳細
第一著者: Harbison, Elmore Harris
フォーマット: 図書
言語:Undetermined
出版事項: Ithaca, N.Y. Cornell University Press 1955
主題:
タグ: タグ追加
タグなし, このレコードへの初めてのタグを付けませんか!
Thư viện lưu trữ: Trung tâm Học liệu Trường Đại học Cần Thơ
LEADER 01071nam a2200181Ia 4500
001 CTU_108211
008 210402s9999 xx 000 0 und d
082 |a 270.6 
082 |b H255 
100 |a Harbison, Elmore Harris 
245 4 |a The Age of Reformation 
245 0 |c Elmore Harris Harbison 
260 |a Ithaca, N.Y. 
260 |b Cornell University Press 
260 |c 1955 
520 |a With the aid of over sixty important sources, most of them translated and abridged by the author, this brief history brings an age of upheaval into sharp focus. It succinctly shows how a compelling ideology, the Christian faith, shaped the history of the Reformation. The religious revolution of the sixteenth century shattered an ecclesiastical structure and quickened a universal faith. The Christian heritage that the Reformation revitalized and transmitted to our time is still the source of western man's ability to talk in terms of universal justice, humanity, and the rights of man. 
650 |a Reformation 
980 |a Trung tâm Học liệu Trường Đại học Cần Thơ